00681nam a22001937a 4500999001900000005001700019020002600036035001300062037001700075082000800092100002000100245006300120250000800183260003000191270008600221300002100307942002200328952013700350 c193232d19323220221018120704.0 a9788195321964c995.00 aB-746012 bKeshav Books a921 aRavinder Kumar  aBuilders of Modern India K.B. Hedgewar/cby Ravinder Kumar a1st aDelhibKeshav Booksc2021 aF-7, Gali No.1, 3rd Floor Panchsheel Garden Extn. Naveen Shahdara,bDelhie110032 a295p.c23cm(hbk) 2ddccENmRAVh921 001040708NFICaLbLd2022-10-18e6.10.22/Giftg995.00l0o921 RAVpB-746012r2022-10-18 00:00:00t1v995.00w2022-10-18yENzGift